| 000 | 00459cam a2200157 a 4500 | ||
|---|---|---|---|
| 020 | _a0465011772 | ||
| 040 | _cDLC | ||
| 082 | 0 | 0 | _a327 CLE 1995 C077 Or. |
| 245 | 0 | 0 |
_aClearing the fields : _bsolutions to the global land mines crisis / |
| 260 |
_aNew York : _bBasic Books, _cc1995. |
||
| 300 |
_axiv, 237 p. : _c29 cm. |
||
| 650 | 0 | _aMines (Military explosives) (International law) | |
| 650 | 0 | _aHuman rights. | |
| 700 | 1 | _aCahill, Kevin M. | |
| 942 | _cAEDBB | ||
| 999 |
_c21339 _d21339 |
||